| 000 | 00806nam a22001937a 4500 | ||
|---|---|---|---|
| 003 | BUBTL | ||
| 008 | 191028b xxu||||| |||| 00| 0 eng d | ||
| 020 | _a978-984-34-4626-8 | ||
| 082 | _a891.44 / ISB | ||
| 100 |
_92294 _aইসলাম, রফিকুল |
||
| 245 |
_aবাংলা ভাষা ও সাহিত্য / _cরফিকুল ইসলাম ,সৌমিত্র শেখর |
||
| 260 |
_aঢাকা : _bবাংলাদেশ বিশ্ববিদ্যালয় মঞ্জুরী কমিশন, _cc2018. |
||
| 300 |
_a319 p. : _c22 cm. |
||
| 650 | 0 |
_91687 _aবাংলা সাহিত্য |
|
| 700 |
_92434 _aশেখর, সৌমিত্র |
||
| 856 |
_k0 _l0 _yDownload |
||
| 942 |
_2ddc _cBK |
||
| 999 |
_c6133 _d6133 |
||